Sports Quiz

Random Sports or Basketball Quiz

Texas College Hoops Conferences Quiz Stats

 Plays Quiz not verified by Sporcle

Score 0/8 Timer 04:00
2 Plays Today
Conference % Correct
Big 12
97.2%
SEC
86.3%
American
70%
Conference USA
56.1%
Sun Belt
48.6%
SWAC
48%
WAC
44.1%
Southland
37.5%

You're not logged in!

Compare scores with friends on all Sporcle quizzes.
OR
Log In

Show Comments

Extras

Top Quizzes Today


Score Distribution

Your Account Isn't Verified!

In order to create a playlist on Sporcle, you need to verify the email address you used during registration. Go to your Sporcle Settings to finish the process.

Report this User

Report this user for behavior that violates our Community Guidelines.

Details: